00506nam a2200193 a 4500001001300000003000900013005001700022008004100039020001000080082001300090100002600103245003900129260004800168300000900216500003500225505001000260650001600270700002600286nice12345678IN_TiNIC20260116011833.0050524s1943 laha grs 000 0 49g  ac10000a236bPAU aPaul, Sultan Mohammad aBaqa-I-Roohb Immortality of Soul. aLahorebPunjab Religious Booksociety c1943 a152p aincludes index and biblioraphy2 aIndex aEschatology1 aPaul, Sultan Mohammad